000 00591nam a2200205Ia 4500
003 GCL
008 140319s9999 xx 000 0 ara d
040 _aGCL /
_cGCL
082 0 4 _aط
_b028.5
_bس ل
100 1 _aدال، ابه روبرت
245 1 0 _aلماذا ? /
_cدال، ابه روبرت
700 1 _aداليا محمد ابراهيم
700 1 _aسميث، كاتى
700 1 _aستورمى، روبرت
300 _a22 ص
490 _aسلسلة لكل سؤال جواب
_v0
650 0 4 _aدوائر المعارف
650 0 4 _aالاطفال
942 _2ddc
_cBK
999 _c49914
_d49914